Welches Land ist so groß wie ... ? - Statistiken

Allgemein
  • Dieses Quiz wurde 33 mal gespielt
  • Das Durchschnittsergebnis liegt bei 5 aus 12
Antwortstatistiken
Frage Antwort % Korrekt
Kanada Vereinigte Staaten
87%
Israel Belize
60%
Argentinien Kasachstan
57%
Pakistan Mosambik
57%
Ghana Rumänien
50%
Tschad Peru
43%
Schweiz Niederlande
40%
Spanien Thailand
40%
Norwegen Elfenbeinküste
30%
Bulgarien Kuba
30%
Republik Kongo Finnland
23%
Luxemburg Komoren
13%
Keine übereinstimmenden Quizze gefunden
Verteilung der Resultate
Anzahl Personen mit jedem Resultat
Perzentil nach korrekt beantworteten Fragen
Ihre Resultats-Entwicklung
Sie haben dieses Quiz noch nicht gespielt